| 000 | 00527nam a2200169 a 4500 | ||
|---|---|---|---|
| 001 | 000017241 | ||
| 005 | 20240412074246.0 | ||
| 008 | 100322s1944 dr 001 p spa d | ||
| 040 |
_aDO-SdBNP _bspa _cBNPHU |
||
| 082 |
_aRD861.44 _bS211 |
||
| 100 | 1 |
_aSánchez, Ana Quisqueya _937899 |
|
| 245 | 1 | 0 |
_aOfrendas líricas / _cAna Quisqueya Sánchez. |
| 260 |
_aCiudad Trujillo, República Dominicana : _bLa Nación, _c1944. |
||
| 300 |
_a154 p. ; _c20 cm. |
||
| 650 | 0 |
_aPoesía dominicana _966 |
|
| 650 | 0 |
_aLiteratura dominicana. _967 |
|
| 999 |
_c16766 _d16766 |
||